| 000 | 04426nam a2200457 a 4500 | ||
|---|---|---|---|
| 001 | dia_1995 | ||
| 003 | CHAP | ||
| 005 | 20230706134922.0 | ||
| 007 | ta | ||
| 008 | 220117s1974 mx ado fr 101 0 spa d | ||
| 010 | _a172532 | ||
| 040 |
_cCHAP _amxchpua |
||
| 050 | 1 | 0 |
_aTS156 _b.C66 1974 |
| 082 | 0 | 0 |
_a634.3 _bC66 1974 _220 |
| 111 | 1 |
_aCongreso Nacional de Control de Calidad _9187526 _n(2° : _d1974 oct 21-25 : _cCd. de México) |
|
| 245 | 1 | 0 |
_aConferencias / _cCongreso Nacional de Control de Calidad ; organizado por Instituto Mexicano de Control de Calidad, 21-25 octubre 1974 en Ciudad de México |
| 250 | _a1a edición | ||
| 264 |
_aMéxico : _bInstituto Mexicano de Control de Calidad, _c1974 |
||
| 300 |
_at. : _bilustraciones, gráficas, diagramas, tablas, fotos |
||
| 336 |
_atexto _btxt _2rdacontent |
||
| 337 |
_asin medio _bn _2rdamedia |
||
| 338 |
_avolumen _bnc _2rdacarrier |
||
| 500 | _aLa biblioteca tiene el t. 2 | ||
| 504 | _aIncluye bibliografías | ||
| 505 |
_aTomo 2 -- _g15. _tControl de calidad en los servicios / _rJosé Francisco González Prado (Instituto Mexicano de Control de Calidad, A.C.) -- _g16. _tEl problema de la calidad y los servicios entre las industrias mediana y pequeña y el consumidor / _rManuel Pardo-Salas Vilchis (Instituto Mexicano del Petróleo) -- _g17. _tEs indispensable normalizar la calidad del aire / _rFrancisco Escalante Martínez (Servicios de Control Ambiental de México, S.A.) -- _g18. _tAlgunas posibilidades para el mejoramiento de los servicios tecnológicos de laboratorio / _rJosé Rangel Sánchez (Comisión Nacional de Ciencia y Tecnología) -- _g19. _tCreación del Comité UPADI de Energéticos, como base de un esfuerzo conjunto de los países de América, hacia su desarrollo socioeconómico más equilibrado / _rCarlos E. Cervantes de Gortari (Comité Nacional Mexicano para la Conferencia Mundial de la Energía) -- _g20. _tEquipo común de comprobación dimensional por atributos / _rRubén Ávila Espinosa (Ford Motor Co., S.A.) -- _g21. _tEl control de calidad en la industria hotelera / _rMiguel Espejel Romero (Nacional Hotelera, S.A.) -- _g22. _tLaboratorio de instrumentación del C.I.D.E.T. / _rJosé de Jesús Mendoza Piña y Rogelio Ortega Nieto (Centro de Investigación y Desarrollo de Telecomunicaciones) -- _g23. _tCalidad en los servicios de reclutamiento y selección / _rGuillermo B. Sander Moreno (Compar de México, S.A.) -- _g24. _tControl de calidad integral / _rGuillermo Rodarte Hoyo (Altos Hornos de México, S.A.) -- _g25. _tEstudio previo para la consolidación de las unidades metrológicas / _rCarlos Romero Ortega (Comisión Nacional de Ciencia y Tecnología) -- _g26. _tAdministración del control de calidad en empresas medianas y pequeñas / _rJuan Ramírez Baltazar (Ascania, S.A.) -- _g27. _tCapacitación y entrenamiento de inspectores para fruta fresca / _rHeriberto Barrera Benítez (Comisión Nacional de Fruticultura) -- _g28. _tSuplemento asistencial a los infantes / _rJosé Luis Pérez Gutiérrez (Instituto Nacional de Protección a la Infancia) -- _g29. _tLa planación a nivel táctico en control de calidad / _rAlfredo Álvarez Bobadilla -- _g30. _tComentarios sobre la normalización y la contaminación ambiental / _rEdgar Ubbelohde R. (Confederación de Cámaras Industriales de los Estado Unidos Mexicanos) -- _g31. _tControl de calidad en los servicios de restaurantes / _rAntonio González Puga (Denny's Polanco) -- _g32. _tControl de calidad del ruido y vibración de productos manufacturados / _rCarl Johan Christensen (Instrumentación, S.A. de C.V.) -- _g33. _tLos pronósticos tecnológicos en los problemas de energía y medio ambiente / _rGerardo Bazán Navarrete (Petróleos Mexicanos) |
||
| 650 | 1 | 3 |
_aControl de calidad _9147085 _xCongresos, conferencias, etc. |
| 650 | 1 | 7 |
_aServicios _9105327 _xControl de calidad |
| 650 | 1 | 3 |
_aCalidad del producto _9148310 |
| 650 | 1 | 3 |
_aCalidad del procesamiento _9187550 |
| 650 | 1 | 3 |
_aCalidad ambiental _9187556 |
| 650 | 1 | 3 |
_aQuality control _9152763 _xCongresses |
| 650 | 1 | 3 |
_aUtilities _9187549 _xQuality control |
| 650 | 1 | 3 |
_aProduct quality _9148311 |
| 650 | 1 | 3 |
_aProcessing quality _9187552 |
| 650 | 1 | 3 |
_aEnvironmental quality _9187557 |
| 711 | 1 |
_9187526 _aCongreso Nacional de Control de Calidad _n(2° : _d1974 oct 21-25 : _cCd. de México) |
|
| 901 | _a634.3 M3 1996 | ||
| 902 | _aM | ||
| 905 | _a0000001996 mx X 0000000000spa00 | ||
| 942 |
_cLIBRO _2ddc |
||
| 999 |
_c172532 _d172532 |
||